Detalles MARC
| 000 -LÍDER |
| Campo fijo de descripción fija |
02497cam a2200337 i 4500 |
| 001 - NÚMERO DE CONTROL |
| Campo de control |
919104280 |
| 003 - IDENTIFICADOR DEL NÚMERO DE CONTROL |
| Campo de control |
CO-MdFUSB |
| 005 - FECHA Y HORA DE LA ULTIMA TRANSACCIÓN |
| control field |
20190202100235.0 |
| 008 - ELEMENTOS DE LONGITUD FIJA -- INFORMACIÓN GENERAL |
| Campo fijo de descripción fija -- Información general |
150824t20162016mnu g b 000 0 eng d |
| 020 ## - NÚMERO INTERNACIONAL NORMALIZADO PARA LIBROS |
| Número Internacional Normalizado del libro |
1451470215 |
| Información adicional |
(pbk.) |
| 020 ## - NÚMERO INTERNACIONAL NORMALIZADO PARA LIBROS |
| Número Internacional Normalizado del libro |
9781451470215 |
| Información adicional |
(pbk.) |
| 020 ## - NÚMERO INTERNACIONAL NORMALIZADO PARA LIBROS |
| Número Internacional Normalizado del libro |
9781506410746 |
| 020 ## - NÚMERO INTERNACIONAL NORMALIZADO PARA LIBROS |
| Número Internacional Normalizado del libro |
150641074X |
| 040 ## - FUENTE DE CATALOGACIÓN |
| Agencia de catalogación original |
YDXCP |
| Idioma de catalogación |
spa |
| Convenciones de la descripción |
rda |
| Agencia que realiza la transcripción |
CO-MdFUSB |
| Agencia que realiza la modificación |
CO-MdFUSB |
| -- |
BDX |
| -- |
OCLCQ |
| -- |
CDX |
| -- |
ISS |
| -- |
MOU |
| -- |
OCLCF |
| -- |
LNT |
| -- |
DTM |
| -- |
WIO |
| -- |
UtOrBLW |
| 041 ## - CÓDIGO DE IDIOMA |
| Código de idioma para texto/pista de sonido o título separado |
eng |
| 082 ## - NÚMERO DE CLASIFICACIÓN DECIMAL DEWEY |
| Número de la edición del Dewey |
24 |
| Número de clasificación |
G 230 |
| Clave de autor-Numero de item |
W555w |
| 245 10 - TÍTULO |
| Título del Material |
What is the Bible? |
| Parte restante del título - Subtitulo |
: the patristic doctrine of scripture |
| Mención de responsabilidad, etc. |
/ Matthew Baker & Mark Mourachian, editores. |
| 264 #1 - PRODUCCIÓN, PUBLICACIÓN, DISTRIBUCIÓN, MANUFACTURA, Y COPYRIGHT |
| Lugar de producción, publicación, distribución, manufactura |
Minneapolis, Minnesota : |
| Nombre del productor, publicador, distribuidor |
Fortress Press, |
| Fecha de producción, publicación, distribución, manufactura, o copyright |
℗[2016] |
| 264 #4 - PRODUCCIÓN, PUBLICACIÓN, DISTRIBUCIÓN, MANUFACTURA, Y COPYRIGHT |
| Fecha de producción, publicación, distribución, manufactura, o copyright |
©2016 |
| 300 ## - DESCRIPCIÓN FÍSICA |
| Extensión |
xx, 200 páginas ; |
| Dimensiones |
24 cm. |
| 336 ## - TIPO DE CONTENIDO |
| Fuente |
rdacontent. |
| Término de tipo de contenido |
texto |
| Código de tipo de contenido |
txt |
| 337 ## - TIPO DE MEDIO |
| Fuente |
rdamedia. |
| Nombre del tipo de medio |
sin mediación |
| Código del tipo de medio |
n |
| 338 ## - TIPO DE SOPORTE |
| Fuente |
rdacarrier. |
| Nombre del tipo de soporte |
volumen |
| Código Tipo de soporte |
nc |
| 505 00 - NOTA DE CONTENIDO |
| Información miscelánea |
Parte I. Enfoques en el oriente cristiano: -- 1. La metafísica exegética de Orígenes de Alejandría / J. A. McGuckin --<br/>2. Una "doctrina de las escrituras" de la tradición ortodoxa oriental: una reflexión sobre el padre del desierto San Sarapión de Thmuis / Oliver Herbel -- 3. "Se ha vestido en nuestro idioma": la hermenéutica encarnacional de San Efrén el sirio / Matthew Baker -- 4. John Chrysostom sobre la naturaleza de la revelación y la tarea de la exégesis / Bradley Nassif -- 5. Barsanuphius, John y Dorotheos sobre las Escrituras: voces del desierto en la Gaza del siglo VI / Alexis Torrance -- 6. La transfiguración de Jesucristo como "fenómeno saturado" y como clave de la dinámica de la revelación bíblica en San Máximo el Confesor / Paul M. Blowers -- 7. La Escritura como misterio divino: la Biblia en la Philokalia / Brock Bingaman -- Parte II. Enfoques modernos inspirados por los padres: -- <br/>8. La Biblia como Heilsgeschichte: el eje básico y el alcance de la síntesis neopatística de Georges Florovsky / Nikolaos Asproulis -- 9. El Evangelio según San Justin el Nuevo: Justin Popović en la escritura / Vladimir Cvetkovic -- 10. Realidad e interpretación bíblica: La recuperación de la hermenéutica patrística de T.F. Torrance / John Taylor Carr -- 11. Meramente académico: una breve historia de la crítica bíblica moderna / Michael C. Legaspi. |
| 650 #7 - ASIENTO SECUNDARIO DE MATERIA - TERMINO TEMÁTICO |
| Término temático o nombre geográfico como elemento de entrada |
Padres de la Iglesia |
| 9 (RLIN) |
59 |
| 650 #0 - ASIENTO SECUNDARIO DE MATERIA - TERMINO TEMÁTICO |
| Término temático o nombre geográfico como elemento de entrada |
Teología doctrinal |
| Subdivisión general |
Historia |
| 9 (RLIN) |
159 |
| 700 1# - ASIENTO SECUNDARIO - NOMBRE PERSONAL |
| Nombre personal |
Baker, Matthew, |
| Responsabilidad |
editor. |
| 700 1# - ASIENTO SECUNDARIO - NOMBRE PERSONAL |
| Nombre personal |
Mourachian, Mark, |
| Responsabilidad |
editor. |
| 942 ## - TIPO DE MATERIAL (KOHA) |
| Tipo de Item KOHA |
Libros General |